Resúmen del código de procedimiento civil
Saved in:
| Hovedforfatter: | |
|---|---|
| Format: | Bog |
| Sprog: | spansk |
| Udgivet: |
Valparaíso
Imprenta del Universo de Gmo Helfmann
1903
|
| Fag: | |
| Tags: |
Tilføj Tag
Ingen Tags, Vær først til at tagge denne postø!
|
MARC
| LEADER | 00000nam a2200000 a 4500 | ||
|---|---|---|---|
| 001 | UCS3319 | ||
| 003 | CL-VaPUC | ||
| 008 | 970620e19030000CL |||||||||||||||||spa|d | ||
| 082 | 0 | 4 | |a 347.83 |b VEG |2 21 |
| 100 | 0 | |a Vega C., Alejandro |e author |9 389347 | |
| 245 | 1 | 0 | |a Resúmen del código de procedimiento civil |
| 300 | |a 112 p | ||
| 942 | |c BK | ||
| 945 | |d 19970620 00:00:00 |a lriquelm | ||
| 260 | |a Valparaíso |b Imprenta del Universo de Gmo Helfmann |c 1903 | ||
| 650 | 7 | |a CODIGO PROCEDIMIENTO CIVIL |2 CL-VaPUC |9 389348 | |
| 650 | 0 | |a Derecho procesal civil |9 258071 | |
| 650 | 7 | |a SUMARIO |2 CL-VaPUC |9 368476 | |
| 650 | 0 | |a Jurisprudencia |9 255952 | |
| 650 | 7 | |a PLENARIO |2 CL-VaPUC |9 379649 | |
| 650 | 0 | |a Procedimiento civil |9 254870 | |
| 651 | 7 | |a CHILE |2 CL-VaPUC |9 389349 | |
| 583 | |a last modification |c 19970620 00:00:00 |k Rodrigo Vera | ||
| 999 | |c 261059 |d 261057 | ||
| 952 | |0 0 |1 0 |2 ddc |4 0 |5 1 |6 347_830000000000000_VEG_1903 |7 1 |8 C_LRYV |9 287838 |a FDOBRV |b BIBDER |d 2019-11-19 |i 1866923 |o 347.83 VEG 1903 |p 1866923 |r 2023-01-25 |w 2019-11-19 |y BK_X |k BRV | ||
| 952 | |0 0 |1 0 |2 ddc |4 0 |5 1 |6 347_830000000000000_VEG_1903 |7 1 |8 C_LRYV |9 287839 |a FDOBRV |b BIBDER |d 2019-11-19 |i 1892304 |o 347.83 VEG 1903 |p 1892304 |r 2023-01-25 |w 2019-11-19 |y BK_X |k BRV | ||